[Event "Copenhagen Chess Challenge 2011"]
[Site "Ballerup"]
[Date "2011.05.18"]
[Round "1"]
[White "Poulsen, Iver"]
[Black "Smith, Axel"]
[Result "0-1"]
[WhiteElo "2100"]
[BlackElo "2450"]
[PlyCount "78"]
[EventDate "2011.??.??"]
[EventType "swiss"]
[EventRounds "9"]
[EventCountry "DEN"]

1. e4 c5 2. Nc3 Nc6 3. Nge2 g6 4. d4 cxd4 5. Nxd4 Bg7 6. Be3 Nf6 7. Bc4 O-O 8.
Bb3 a5 9. f3 d5 10. Bxd5 Nxd5 11. exd5 Nb4 12. Nde2 e6 13. O-O exd5 14. a3 Nc6
15. Bc5 Re8 16. Nd4 Qh4 17. f4 Bg4 18. Nf3 Bxf3 19. Qxf3 Rad8 20. Bf2 Qf6 21.
Rad1 Qf5 22. Rd2 d4 23. Ne2 Qb5 24. Bh4 Re3 25. Qf2 Rde8 26. Ng3 f5 27. Rb1
Rxa3 28. Nf1 Ra2 29. b3 d3 30. c4 Qb4 31. Rxa2 Bd4 32. Rd2 Qc3 33. Rbd1 Bxf2+
34. Bxf2 Nb4 35. Bb6 Qxb3 36. Bxa5 Qxc4 37. Bxb4 Qxb4 38. Rxd3 Qxf4 39. Rd7 Re2
0-1

[Event "Copenhagen Chess Challenge 2011"]
[Site "Ballerup"]
[Date "2011.05.18"]
[Round "1"]
[White "Pedersen, Steffen"]
[Black "Brorsen, Jacob Abildlund"]
[Result "1-0"]
[WhiteElo "2441"]
[BlackElo "2064"]
[PlyCount "41"]
[EventDate "2011.??.??"]
[EventType "swiss"]
[EventRounds "9"]
[EventCountry "DEN"]

1. d4 d5 2. c4 c6 3. Nc3 Nf6 4. e3 e6 5. Qc2 Nbd7 6. Nf3 Bd6 7. Bd3 O-O 8. O-O
dxc4 9. Bxc4 e5 10. Bb3 Qe7 11. h3 Re8 12. Ng5 Rf8 13. f4 exd4 14. exd4 h6 15.
Bd2 hxg5 16. fxg5 Nd5 17. Rae1 Qd8 18. Nxd5 cxd5 19. Bxd5 Nb6 20. Bxf7+ Kh8 21.
Qg6 1-0

[Event "Copenhagen Chess Challenge 2011"]
[Site "Ballerup"]
[Date "2011.05.18"]
[Round "1"]
[White "Haub, Thorsten Michael"]
[Black "Grau, Peter"]
[Result "1-0"]
[WhiteElo "2459"]
[BlackElo "2101"]
[PlyCount "51"]
[EventDate "2011.??.??"]
[EventType "swiss"]
[EventRounds "9"]
[EventCountry "DEN"]

1. g3 Nf6 2. Bg2 e5 3. d3 d5 4. a3 c6 5. Nd2 Be7 6. e4 O-O 7. Ngf3 Nbd7 8. O-O
Re8 9. b4 Qc7 10. Bb2 Bf8 11. c4 dxe4 12. dxe4 c5 13. Qb3 Qb6 14. Bc3 h6 15.
Ne1 Rb8 16. Nc2 Qe6 17. b5 Qg4 18. a4 Qh5 19. a5 Nh7 20. Ne3 Ndf6 21. Qd1 Qg6
22. Nf3 Ng4 23. Nd5 Ng5 24. Nh4 Qh7 25. Qe2 Re6 26. Qxg4 1-0

[Event "Copenhagen Chess Challenge 2011"]
[Site "Ballerup"]
[Date "2011.05.18"]
[Round "1"]
[White "Brynell, Stellan"]
[Black "Brondum, Eric"]
[Result "1-0"]
[WhiteElo "2486"]
[BlackElo "2116"]
[PlyCount "81"]
[EventDate "2011.??.??"]
[EventType "swiss"]
[EventRounds "9"]
[EventCountry "DEN"]

1. d4 g6 2. e4 Bg7 3. Nf3 d6 4. Bc4 e6 5. Bb3 Ne7 6. O-O b6 7. Re1 Nd7 8. c3
Bb7 9. Nbd2 O-O 10. Nf1 Nf6 11. Ng3 h6 12. h4 a5 13. h5 g5 14. Bc2 Nd7 15. Nh2
e5 16. Ng4 c5 17. Be3 Rc8 18. Ba4 cxd4 19. cxd4 Bc6 20. Bxc6 Rxc6 21. d5 Rc8
22. Qd3 Nc5 23. Bxc5 Rxc5 24. Rac1 Qd7 25. Rxc5 bxc5 26. Ne3 Rb8 27. Re2 Bf8
28. Qa6 a4 29. Rc2 Kh7 30. Rc4 Qb5 31. Qxb5 Rxb5 32. Nd1 Ra5 33. Nc3 a3 34. b3
Nc8 35. Ra4 Rxa4 36. Nxa4 Be7 37. Nf5 Bd8 38. Kf1 Bc7 39. Ke2 Na7 40. Nc3 Ba5
41. Kd3 1-0

[Event "Copenhagen Chess Challenge 2011"]
[Site "Ballerup"]
[Date "2011.05.18"]
[Round "1"]
[White "Pedersen, Sven"]
[Black "Danielsen, Henrik"]
[Result "1/2-1/2"]
[WhiteElo "2125"]
[BlackElo "2545"]
[PlyCount "107"]
[EventDate "2011.??.??"]
[EventType "swiss"]
[EventRounds "9"]
[EventCountry "DEN"]

1. e4 g6 2. d4 Bg7 3. Nc3 d6 4. h3 a6 5. Nf3 b5 6. Bd3 Bb7 7. a4 b4 8. Ne2 Nd7
9. O-O c5 10. c3 bxc3 11. bxc3 Qc7 12. Bf4 c4 13. Bc2 e5 14. Be3 Ngf6 15. Ng3
O-O 16. Qd2 d5 17. exd5 Nxd5 18. Bh6 Nf4 19. Bxg7 Kxg7 20. dxe5 Nxe5 21. Nxe5
Qxe5 22. Rfe1 Rad8 23. Rxe5 Rxd2 24. Be4 Nd3 25. Ra5 Bc8 26. Nf1 Rc2 27. Ne3
Rxc3 28. Bd5 Re8 29. Nxc4 Nb4 30. Nd6 Re5 31. Nxc8 Rxd5 32. Rxd5 Nxd5 33. Nd6
Rc6 34. Ne4 Rc4 35. Nd2 Rc2 36. Nb3 Nb4 37. Nd4 Rb2 38. Ra3 Rd2 39. Nf3 Rd1+
40. Kh2 Rd3 41. Ra1 Rd5 42. Kg3 f5 43. Rb1 a5 44. Rb3 Kf6 45. Rc3 g5 46. Rc8
Nd3 47. Rc6+ Kg7 48. Nxg5 f4+ 49. Kh4 h6 50. Ne4 Re5 51. f3 Ne1 52. Rc7+ Kg6
53. Rc6+ Kg7 54. Rc7+ 1/2-1/2

[Event "Copenhagen Chess Challenge 2011"]
[Site "Ballerup"]
[Date "2011.05.18"]
[Round "1"]
[White "Tikkanen, Hans"]
[Black "Lindgren, Philip"]
[Result "1/2-1/2"]
[WhiteElo "2560"]
[BlackElo "2126"]
[PlyCount "91"]
[EventDate "2011.??.??"]
[EventType "swiss"]
[EventRounds "9"]
[EventCountry "DEN"]

1. d4 d5 2. c4 c6 3. Nf3 Nf6 4. e3 Bf5 5. Nc3 e6 6. Nh4 Bg6 7. Be2 Nbd7 8. O-O
Bd6 9. g3 O-O 10. Nxg6 hxg6 11. Qb3 Rb8 12. Rd1 Qe7 13. Qc2 dxc4 14. Bxc4 b5
15. Be2 b4 16. Na4 c5 17. dxc5 Bxc5 18. Nxc5 Nxc5 19. Bd2 Rfc8 20. Rac1 Qb7 21.
Qb1 a5 22. f3 e5 23. Be1 e4 24. f4 Qe7 25. Rc4 Rd8 26. Rcd4 Ne6 27. Rxd8+ Rxd8
28. Rxd8+ Qxd8 29. Qc2 Qb6 30. Kf2 Nc5 31. h3 Qd6 32. Qc4 Nfd7 33. a3 bxa3 34.
bxa3 Nd3+ 35. Kf1 Nxe1 36. Kxe1 Qxa3 37. Qxe4 a4 38. Bc4 Nf6 39. Qa8+ Kh7 40.
Ke2 Qb2+ 41. Kd3 a3 42. Bxf7 Qb1+ 43. Ke2 Qc2+ 44. Ke1 Qc1+ 45. Ke2 Qc2+ 46.
Ke1 1/2-1/2

[Event "Copenhagen Chess Challenge 2011"]
[Site "Ballerup"]
[Date "2011.05.18"]
[Round "1"]
[White "Hvenekilde, Jorgen"]
[Black "Hector, Jonny"]
[Result "0-1"]
[WhiteElo "2127"]
[BlackElo "2585"]
[PlyCount "90"]
[EventDate "2011.??.??"]
[EventType "swiss"]
[EventRounds "9"]
[EventCountry "DEN"]

1. d4 d5 2. Nf3 Nf6 3. c4 c6 4. g3 Bf5 5. Bg2 e6 6. O-O Nbd7 7. b3 a5 8. Nh4
Be4 9. Nc3 Bxg2 10. Nxg2 Bb4 11. Bb2 O-O 12. Rc1 Qe7 13. Ne3 Rfd8 14. Qc2 c5
15. Nb5 cxd4 16. Bxd4 e5 17. Nf5 Qf8 18. a3 Bxa3 19. Nxa3 exd4 20. Nb5 dxc4 21.
Qxc4 Nb6 22. Qd3 a4 23. Rfd1 a3 24. Nbxd4 g6 25. Ne3 a2 26. Nec2 Nbd5 27. Na1
Qe7 28. Qf3 Ne4 29. h4 Ra6 30. Qd3 Rf6 31. Rf1 Nb4 32. Qe3 Nd5 33. Qd3 Rfd6 34.
Rc4 Ndf6 35. Nac2 Qd7 36. Kg2 Rd5 37. e3 b5 38. Rb4 Nd6 39. Ra1 Rc5 40. Rxa2
Nd5 41. Ra5 Qb7 42. f3 Nxb4 43. Nxb4 Nf5 44. Ra2 Qc7 45. f4 Rc3 0-1

[Event "Copenhagen Chess Challenge 2011"]
[Site "Ballerup"]
[Date "2011.05.18"]
[Round "1"]
[White "Hein, Jacob"]
[Black "Nielsen, Jan Mose"]
[Result "0-1"]
[WhiteElo "1577"]
[BlackElo "2129"]
[PlyCount "72"]
[EventDate "2011.??.??"]
[EventType "swiss"]
[EventRounds "9"]
[EventCountry "DEN"]

1. c4 c6 2. g3 e5 3. e4 Nf6 4. Bg2 Bc5 5. Nh3 d6 6. Nc3 h6 7. a3 a5 8. Rb1 O-O
9. O-O Be6 10. d3 Qd7 11. Ng5 hxg5 12. Bxg5 Nh7 13. Be3 Na6 14. Bxc5 Nxc5 15.
b4 axb4 16. axb4 Ra3 17. bxc5 Rxc3 18. Rb3 Rxb3 19. Qxb3 dxc5 20. Qc3 Qd4 21.
Qxd4 cxd4 22. Rb1 Rb8 23. Rb6 Nf8 24. f4 Nd7 25. Rb2 f6 26. h4 b5 27. Bf1 bxc4
28. Rxb8+ Nxb8 29. dxc4 c5 30. Be2 Nc6 31. f5 Bf7 32. g4 Na5 33. g5 Bxc4 34.
Bxc4+ Nxc4 35. Kf2 Nd2 36. gxf6 Nxe4+ 0-1

[Event "Copenhagen Chess Challenge 2011"]
[Site "Ballerup"]
[Date "2011.05.18"]
[Round "1"]
[White "Leosson, Atli Johann"]
[Black "Schmidt, Tommy B"]
[Result "1/2-1/2"]
[WhiteElo "1673"]
[BlackElo "2143"]
[PlyCount "119"]
[EventDate "2011.??.??"]
[EventType "swiss"]
[EventRounds "9"]
[EventCountry "DEN"]

1. e4 c5 2. Nf3 e6 3. c3 Nf6 4. Bd3 d5 5. Bb5+ Bd7 6. Bxd7+ Qxd7 7. e5 Ng8 8.
d4 Nc6 9. O-O Nge7 10. Na3 cxd4 11. cxd4 Nf5 12. Nc2 Qd8 13. Ne3 Nxe3 14. Bxe3
Be7 15. Qb3 Qb6 16. Qxb6 axb6 17. a3 Kd7 18. Rfd1 Rhc8 19. Rac1 Na5 20. Rxc8
Rxc8 21. Rc1 Nc4 22. Rc2 Nxe3 23. Rxc8 Kxc8 24. fxe3 Kd7 25. Kf2 Bd8 26. Ke2 f6
27. exf6 gxf6 28. g4 Ke8 29. h3 Kd7 30. Kd3 Kd6 31. e4 e5 32. Nd2 Ke6 33. dxe5
Kxe5 34. exd5 Kxd5 35. Ne4 Be7 36. a4 Ke5 37. Nc3 f5 38. gxf5 Kxf5 39. Nd5 Bd8
40. Ke3 Ke5 41. Nc3 Bg5+ 42. Kd3 Kf4 43. Nd5+ Kg3 44. Nxb6 Kxh3 45. Nc4 h5 46.
Ne5 Bf6 47. Nf3 Kg3 48. Ke4 Bxb2 49. Ng5 Bf6 50. Nf3 h4 51. Nxh4 Bxh4 52. Kd5
Kf4 53. Kc5 Bd8 54. Kb5 b6 55. Kc6 Ke5 56. Kd7 Bg5 57. Kc6 Be3 58. Kb5 Bc5 59.
a5 bxa5 60. Kxa5 1/2-1/2

[Event "Copenhagen Chess Challenge 2011"]
[Site "Ballerup"]
[Date "2011.05.18"]
[Round "1"]
[White "Christensen, Janus"]
[Black "Rimestad, Arild"]
[Result "1-0"]
[WhiteElo "2148"]
[BlackElo "1725"]
[PlyCount "59"]
[EventDate "2011.??.??"]
[EventType "swiss"]
[EventRounds "9"]
[EventCountry "DEN"]

1. d4 f5 2. Qd3 g6 3. g4 d6 4. gxf5 Bxf5 5. e4 Bd7 6. Bg5 c5 7. Nf3 Bg7 8. Nc3
cxd4 9. Nxd4 Qa5 10. Bd2 Qb6 11. Nb3 Na6 12. Nd5 Qc6 13. O-O-O Nc5 14. Nxc5
Qxc5 15. Bb4 Qc6 16. Qb3 O-O-O 17. Rd3 Kb8 18. Nxe7 Qxe4 19. Bxd6+ Ka8 20. Nd5
Ba4 21. Bg2 Bxb3 22. Nc7+ Kb8 23. Na6+ Kc8 24. Bxe4 Bc4 25. Nc5 Rd7 26. Rdd1
Rf7 27. b3 Be2 28. Rde1 Bb5 29. Bd5 Bc3 30. Bxf7 1-0

[Event "Copenhagen Chess Challenge 2011"]
[Site "Ballerup"]
[Date "2011.05.18"]
[Round "1"]
[White "Sylvan, Jacob"]
[Black "Kokholm, Daniel"]
[Result "1-0"]
[WhiteElo "2261"]
[BlackElo "1934"]
[PlyCount "53"]
[EventDate "2011.??.??"]
[EventType "swiss"]
[EventRounds "9"]
[EventCountry "DEN"]

1. d4 Nc6 2. Nf3 d5 3. c4 Bg4 4. cxd5 Bxf3 5. gxf3 Qxd5 6. e3 e5 7. Nc3 Bb4 8.
Bd2 Bxc3 9. bxc3 Nf6 10. Bg2 O-O 11. O-O b6 12. f4 e4 13. f3 Na5 14. fxe4 Nxe4
15. f5 Rae8 16. Rf4 Nc4 17. Bc1 b5 18. Qc2 Ncd6 19. Ba3 g5 20. fxg6 f5 21.
gxh7+ Kh8 22. Raf1 Qe6 23. Bxe4 Nxe4 24. Bxf8 Rxf8 25. Rxe4 Qg6+ 26. Qg2 Qxh7
27. Rxf5 1-0

[Event "Copenhagen Chess Challenge 2011"]
[Site "Ballerup"]
[Date "2011.05.18"]
[Round "1"]
[White "Brekka, Hanus"]
[Black "Bulski, Krzysztof"]
[Result "0-1"]
[WhiteElo "2101"]
[BlackElo "2482"]
[PlyCount "62"]
[EventDate "2011.??.??"]
[EventType "swiss"]
[EventRounds "9"]
[EventCountry "DEN"]

1. e4 c5 2. Nf3 e6 3. d4 cxd4 4. Nxd4 Nc6 5. Nb3 Nf6 6. Bd3 d5 7. exd5 Nxd5 8.
Nc3 Nxc3 9. bxc3 Be7 10. O-O O-O 11. Nd4 Bd7 12. Qg4 g6 13. Nxc6 Bxc6 14. Bh6
Re8 15. Rad1 Qa5 16. Bc4 Bf6 17. Rd3 Bxc3 18. h4 Bf6 19. Rfd1 Rad8 20. Qf4 Rxd3
21. Bxd3 Qe5 22. Qg4 Rd8 23. Bf4 Qa5 24. Bd2 Qxa2 25. h5 Qa4 26. Qe2 Qd4 27.
hxg6 hxg6 28. Be3 Qd5 29. Qg4 a6 30. Re1 Qh5 31. Qg3 Kg7 0-1

[Event "Copenhagen Chess Challenge 2011"]
[Site "Ballerup"]
[Date "2011.05.19"]
[Round "2"]
[White "Hector, Jonny"]
[Black "Sylvan, Jacob"]
[Result "1/2-1/2"]
[WhiteElo "2585"]
[BlackElo "2261"]
[PlyCount "139"]
[EventDate "2011.??.??"]
[EventType "swiss"]
[EventRounds "9"]
[EventCountry "DEN"]

1. e4 c5 2. Nc3 Nc6 3. Nf3 g6 4. Bc4 Bg7 5. O-O d6 6. d3 Nf6 7. h3 O-O 8. a3 e6
9. Ba2 d5 10. Bg5 d4 11. Ne2 h6 12. Bd2 Kh7 13. b4 cxb4 14. axb4 a6 15. Bb3 b5
16. Nh2 Bb7 17. f4 a5 18. bxa5 Nxa5 19. Rb1 Nxb3 20. Rxb3 Qb6 21. Kh1 Rfd8 22.
Qb1 Bc6 23. Nf3 Ra4 24. Be1 Bf8 25. Bh4 Be7 26. Qb2 Qa7 27. Bf2 Bc5 28. Rb1 Ng8
29. Qc1 Ne7 30. Qg1 f5 31. Ne5 Ba8 32. c3 fxe4 33. Nxd4 Nf5 34. dxe4 Nxd4 35.
cxd4 Bxd4 36. Bxd4 Qxd4 37. Qc1 Ra7 38. Rb4 Qd2 39. Qc5 Rg7 40. Rf1 Qe2 41. Qf2
Rd2 42. Kg1 Rc7 43. Nf3 Qxf2+ 44. Rxf2 Rc1+ 45. Rf1 Rxf1+ 46. Kxf1 Ra2 47. Rd4
Ra4 48. Rd7+ Kg8 49. Rd8+ Kg7 50. Nd4 Bxe4 51. Nxe6+ Kf6 52. Rd6 Ke7 53. Rb6
Bf5 54. Nc7 Rxf4+ 55. Kg1 Ra4 56. Nd5+ Kf7 57. Rxb5 Ra2 58. Ne3 Kf6 59. Kh2 Ra3
60. Nd5+ Kf7 61. h4 Be4 62. Nf4 Ra2 63. Re5 Ba8 64. Kg3 Kf6 65. Re3 g5 66.
hxg5+ hxg5 67. Ne2 Bb7 68. Re8 Bc6 69. Re3 Bb7 70. Re8 1/2-1/2

[Event "Copenhagen Chess Challenge 2011"]
[Site "Ballerup"]
[Date "2011.05.19"]
[Round "2"]
[White "Andreasen, Per"]
[Black "Brynell, Stellan"]
[Result "0-1"]
[WhiteElo "2269"]
[BlackElo "2486"]
[PlyCount "120"]
[EventDate "2011.??.??"]
[EventType "swiss"]
[EventRounds "9"]
[EventCountry "DEN"]

1. Nf3 Nf6 2. c4 e6 3. g3 d5 4. d4 Bb4+ 5. Bd2 Be7 6. Bg2 O-O 7. Qc2 c6 8. O-O
Nbd7 9. Bf4 Nh5 10. Bc1 Nhf6 11. Nbd2 b6 12. e4 Bb7 13. e5 Ne8 14. cxd5 cxd5
15. Re1 Ba6 16. Nf1 Rc8 17. Qa4 Nb8 18. Bd2 Qd7 19. Qxd7 Nxd7 20. Rac1 Nc7 21.
Rc2 Na8 22. Rec1 Rxc2 23. Rxc2 Rc8 24. Rxc8+ Bxc8 25. Ne3 f6 26. Bh3 Nc7 27.
Nc2 Kf7 28. Bb4 a5 29. Bxe7 Kxe7 30. Bf1 Ba6 31. h4 Bxf1 32. Kxf1 Na6 33. a3
Nab8 34. Nce1 Nc6 35. Nd3 h6 36. Ke2 Kf7 37. h5 Ke7 38. Ke3 a4 39. g4 Kf7 40.
Kf4 Ke7 41. Ke3 Kf7 42. Kf4 b5 43. Ke3 Ke7 44. exf6+ gxf6 45. Nd2 e5 46. dxe5
fxe5 47. f4 e4 48. Nb4 Nxb4 49. axb4 Nf6 50. g5 hxg5 51. fxg5 Nxh5 52. Nb1 Ke6
53. Nc3 Ke5 54. Nxb5 Nf4 55. Nd4 Nd3 56. b5 Nxb2 57. Nc6+ Kf5 58. Ne7+ Ke6 59.
Nxd5 Kxd5 60. g6 Nc4+ 0-1

[Event "Copenhagen Chess Challenge 2011"]
[Site "Ballerup"]
[Date "2011.05.19"]
[Round "2"]
[White "Bulski, Krzysztof"]
[Black "Matthiesen, Martin"]
[Result "1-0"]
[WhiteElo "2482"]
[BlackElo "2242"]
[PlyCount "85"]
[EventDate "2011.??.??"]
[EventType "swiss"]
[EventRounds "9"]
[EventCountry "DEN"]

1. d4 Nf6 2. c4 e6 3. Nf3 d5 4. g3 Be7 5. Bg2 O-O 6. O-O dxc4 7. Qc2 a6 8. a4
Bd7 9. Qxc4 Bc6 10. Rd1 a5 11. Nc3 Na6 12. Qd3 Nb4 13. Qb1 Nbd5 14. Ne5 Nxc3
15. bxc3 Bxg2 16. Kxg2 Nd5 17. Qb3 Bd6 18. Nd3 Rb8 19. e4 Nb6 20. Be3 Nd7 21.
Rab1 c6 22. Qa2 Qc7 23. Rb3 Rfe8 24. e5 Bf8 25. Kg1 b5 26. Rdb1 Rb7 27. axb5
cxb5 28. Rxb5 Rxb5 29. Rxb5 Qxc3 30. Qd2 Qc6 31. Rxa5 Rb8 32. Ra1 Rb5 33. Rc1
Qa8 34. Qc2 Nb6 35. Qc6 Qxc6 36. Rxc6 Be7 37. d5 Nd7 38. d6 Bf8 39. Rc7 Nb8 40.
Nc5 f6 41. f4 fxe5 42. fxe5 h6 43. Bd4 1-0

[Event "Copenhagen Chess Challenge 2011"]
[Site "Ballerup"]
[Date "2011.05.19"]
[Round "2"]
[White "Olsen, Peter Erik"]
[Black "Haub, Thorsten Michael"]
[Result "0-1"]
[WhiteElo "2241"]
[BlackElo "2459"]
[PlyCount "40"]
[EventDate "2011.??.??"]
[EventType "swiss"]
[EventRounds "9"]
[EventCountry "DEN"]

1. e4 g6 2. d4 Bg7 3. Nc3 d6 4. Be3 a6 5. g4 b5 6. h4 Nf6 7. f3 b4 8. Nce2 h5
9. g5 Nfd7 10. a3 bxa3 11. Rxa3 O-O 12. Nc3 Nc6 13. Nge2 Rb8 14. b3 Nb4 15. f4
e6 16. Rg1 c5 17. dxc5 Nxc5 18. e5 Qb6 19. Qxd6 Nxc2+ 20. Kf2 Ne4+ 0-1

[Event "Copenhagen Chess Challenge 2011"]
[Site "Ballerup"]
[Date "2011.05.19"]
[Round "2"]
[White "Smith, Axel"]
[Black "Rostgaard, Tobias Valentin"]
[Result "1-0"]
[WhiteElo "2450"]
[BlackElo "2207"]
[PlyCount "83"]
[EventDate "2011.??.??"]
[EventType "swiss"]
[EventRounds "9"]
[EventCountry "DEN"]

1. c4 Nf6 2. Nf3 e6 3. g3 d5 4. Bg2 Be7 5. O-O O-O 6. d4 c6 7. Qc2 Ne4 8. Nfd2
f5 9. Nxe4 fxe4 10. f3 Bf6 11. fxe4 Bxd4+ 12. e3 Rxf1+ 13. Kxf1 Bf6 14. exd5
exd5 15. cxd5 cxd5 16. Qb3 Nc6 17. Qxd5+ Qxd5 18. Bxd5+ Kh8 19. Nc3 Nb4 20. Be4
Bh3+ 21. Ke2 Re8 22. Bd2 Bg4+ 23. Kf2 Bxc3 24. bxc3 Rxe4 25. cxb4 Rc4 26. a4
Rc2 27. Ke1 Kg8 28. b5 Kf7 29. Rb1 Be6 30. b6 a6 31. a5 Bd5 32. Ke2 Rc4 33.
Rf1+ Ke7 34. Kd3 Bc6 35. Ke2 Bb5 36. Kf2 Rc2 37. Rd1 Rb2 38. Ke1 Rc2 39. Rb1
Rc6 40. Rb4 Rf6 41. Kd1 Rh6 42. Re4+ 1-0

[Event "Copenhagen Chess Challenge 2011"]
[Site "Ballerup"]
[Date "2011.05.19"]
[Round "2"]
[White "Andersen, Mads"]
[Black "Andersen, Morten"]
[Result "1/2-1/2"]
[WhiteElo "2431"]
[BlackElo "2181"]
[PlyCount "133"]
[EventDate "2011.??.??"]
[EventType "swiss"]
[EventRounds "9"]
[EventCountry "DEN"]

1. e4 c5 2. Nf3 d6 3. d4 cxd4 4. Nxd4 Nf6 5. Nc3 a6 6. Be2 e6 7. O-O Be7 8. a4
Nc6 9. Be3 O-O 10. f4 d5 11. e5 Ne8 12. Bg4 Nxd4 13. Bxd4 g6 14. Bf3 Bd7 15.
Qe1 Ng7 16. g4 b5 17. axb5 axb5 18. Qe3 b4 19. Ne2 Bb5 20. Rfc1 Qd7 21. Rxa8
Rxa8 22. c4 bxc3 23. Nxc3 Bc4 24. Rb1 Rb8 25. Bd1 Bb3 26. Ra1 Bxd1 27. Nxd1 Qb5
28. Ra7 Bd8 29. Nf2 h5 30. h3 Qc4 31. Qc3 Qxc3 32. Bxc3 Bb6 33. Ra4 hxg4 34.
hxg4 Be3 35. Kf1 g5 36. fxg5 Bxg5 37. Ke2 Ne8 38. Ra7 Bd8 39. Nd3 Nc7 40. Ba5
Nb5 41. Ra6 Bxa5 42. Rxa5 Nd4+ 43. Ke3 Nc2+ 44. Kf4 Nb4 45. Nc5 Nc6 46. Ra4
Rxb2 47. Kg5 Nxe5 48. Kf6 Nxg4+ 49. Rxg4+ Kf8 50. Nd3 Rh2 51. Nf4 Rh6+ 52. Ke5
Ke7 53. Ne2 f6+ 54. Kd4 Kd6 55. Kd3 Rh3+ 56. Kd2 e5 57. Ra4 Ke6 58. Nc3 d4 59.
Ra6+ Kf5 60. Nd5 Rh6 61. Kd3 Kg5 62. Kc4 f5 63. Rxh6 Kxh6 64. Kd3 Kg5 65. Ne7
Kf6 66. Nc6 Ke6 67. Nxd4+ 1/2-1/2

[Event "Copenhagen Chess Challenge 2011"]
[Site "Ballerup"]
[Date "2011.05.19"]
[Round "2"]
[White "Molvig, Henrik"]
[Black "Ivanov, Mikhail"]
[Result "1/2-1/2"]
[WhiteElo "2180"]
[BlackElo "2424"]
[PlyCount "20"]
[EventDate "2011.??.??"]
[EventType "swiss"]
[EventRounds "9"]
[EventCountry "DEN"]

1. d4 d5 2. c4 dxc4 3. Nf3 Nf6 4. e3 a6 5. Bxc4 b5 6. Bb3 Bb7 7. a4 b4 8. Nbd2
e6 9. O-O Nbd7 10. Re1 c5 1/2-1/2

[Event "Copenhagen Chess Challenge 2011"]
[Site "Ballerup"]
[Date "2011.05.19"]
[Round "2"]
[White "Bromann, Thorbjorn"]
[Black "Kvisvik, Brede"]
[Result "1-0"]
[WhiteElo "2405"]
[BlackElo "2175"]
[PlyCount "65"]
[EventDate "2011.??.??"]
[EventType "swiss"]
[EventRounds "9"]
[EventCountry "DEN"]

1. d4 Nf6 2. Nc3 d5 3. Bg5 Nbd7 4. Qd3 h6 5. Bh4 c6 6. e4 dxe4 7. Nxe4 Nxe4 8.
Qxe4 Qa5+ 9. c3 Nf6 10. Bxf6 gxf6 11. Bc4 h5 12. d5 f5 13. Qd4 Rh6 14. dxc6
Rxc6 15. Nf3 Be6 16. Be2 Rd6 17. Qh8 O-O-O 18. O-O Bd7 19. Qxh5 Rh6 20. Qg5 Rg6
21. Qh4 e5 22. Qc4+ Rc6 23. Qxf7 Bd6 24. Rfd1 e4 25. Nd4 Bxh2+ 26. Kf1 Rh6 27.
Bc4 Qc5 28. b4 Qc7 29. Nxf5 Rf6 30. Qxf6 Qxc4+ 31. Ke1 Kc7 32. g3 Qc6 33. Qe5+
1-0

[Event "Copenhagen Chess Challenge 2011"]
[Site "Ballerup"]
[Date "2011.05.19"]
[Round "2"]
[White "Brondt, Nicolai Kvist"]
[Black "Thorhallsson, Throstur"]
[Result "1/2-1/2"]
[WhiteElo "2151"]
[BlackElo "2392"]
[PlyCount "136"]
[EventDate "2011.??.??"]
[EventType "swiss"]
[EventRounds "9"]
[EventCountry "DEN"]

1. c4 c5 2. Nf3 Nc6 3. g3 g6 4. Bg2 Bg7 5. Nc3 e5 6. d3 Nge7 7. a3 d6 8. Rb1 a5
9. Bd2 O-O 10. O-O h6 11. Nd5 Nxd5 12. cxd5 Nd4 13. e3 Nb5 14. a4 Nc7 15. Ne1
Na6 16. Nc2 Nb4 17. Bc3 Nxc2 18. Qxc2 f5 19. Rfd1 Bd7 20. b3 h5 21. f4 Re8 22.
h4 Qe7 23. Re1 Qf7 24. Qb2 b6 25. Kf2 Re7 26. fxe5 Bxe5 27. Bxe5 Rxe5 28. d4
Re7 29. Rbc1 Qf6 30. Qd2 Kf7 31. dxc5 bxc5 32. Rc4 Rb8 33. Qc2 Bc8 34. Rf4 Ba6
35. e4 Qd4+ 36. Re3 Re5 37. Qc3 Rb4 38. exf5 Qxe3+ 39. Qxe3 Rxe3 40. fxg6+ Kxg6
41. Kxe3 Rxb3+ 42. Kf2 Bd3 43. Be4+ Kg7 44. Bf3 c4 45. Bxh5 c3 46. Rf7+ Kh6 47.
Bg4 c2 48. Rc7 Rb1 49. Ke3 c1=Q+ 50. Rxc1 Rxc1 51. Kxd3 Rg1 52. Ke4 Rxg3 53.
Kf4 Rc3 54. Kf5 Re3 55. Kf6 Re4 56. Bd7 Kh5 57. Be6 Rxa4 58. Ke7 Rf4 59. Kxd6
a4 60. Ke5 a3 61. d6 Rf2 62. d7 Rd2 63. Bd5 a2 64. Bxa2 Rxd7 65. Bd5 Ra7 66.
Bf3+ Kxh4 67. Kf4 Rf7+ 68. Ke4 Kg5 1/2-1/2

[Event "Copenhagen Chess Challenge 2011"]
[Site "Ballerup"]
[Date "2011.05.19"]
[Round "2"]
[White "Westerinen, Heikki"]
[Black "Johansson, Linus"]
[Result "0-1"]
[WhiteElo "2350"]
[BlackElo "2131"]
[PlyCount "118"]
[EventDate "2011.??.??"]
[EventType "swiss"]
[EventRounds "9"]
[EventCountry "DEN"]

1. e4 c5 2. Nf3 Nc6 3. Bb5 g6 4. c3 Nf6 5. e5 Nd5 6. O-O Bg7 7. d4 Nc7 8. Bxc6
dxc6 9. dxc5 Qxd1 10. Rxd1 Bg4 11. Re1 Bxf3 12. gxf3 Ne6 13. b4 O-O-O 14. Kg2
Rd5 15. f4 Bh6 16. Kf3 Rd3+ 17. Be3 Rhd8 18. Ke4 R8d5 19. f5 gxf5+ 20. Kxf5
Bxe3 21. fxe3 Rd1 22. Na3 Rxa1 23. Rxa1 Rd3 24. Nc2 Rxc3 25. Nd4 Nc7 26. Rg1
Rxe3 27. Rg8+ Kd7 28. Rb8 Rd3 29. Nb3 Rf3+ 30. Ke4 Rf2 31. Rxb7 Rxa2 32. Na5
Rxh2 33. Nc4 Rh4+ 34. Kd3 Kc8 35. Rxa7 Rd4+ 36. Kxd4 Nb5+ 37. Ke4 Nxa7 38. Kf5
Nb5 39. Kg5 Kd7 40. Kh6 Ke6 41. Kxh7 Nd4 42. Kg7 Nc2 43. b5 cxb5 44. Na5 Nb4
45. c6 Nd5 46. Nb3 Kxe5 47. Kxf7 Kd6 48. Kg6 e5 49. Kf5 Ne7+ 50. Ke4 Nxc6 51.
Nc1 Kc5 52. Nb3+ Kc4 53. Nd2+ Kc3 54. Nb1+ Kb2 55. Nd2 Kc2 56. Nf1 b4 57. Ne3+
Kc1 58. Kd5 b3 59. Nc4 b2 0-1

[Event "Copenhagen Chess Challenge 2011"]
[Site "Ballerup"]
[Date "2011.05.19"]
[Round "2"]
[White "Andersen, Lars Christoff"]
[Black "Hagen, Andreas Skytte"]
[Result "0-1"]
[WhiteElo "2138"]
[BlackElo "2346"]
[PlyCount "70"]
[EventDate "2011.??.??"]
[EventType "swiss"]
[EventRounds "9"]
[EventCountry "DEN"]

1. d4 Nf6 2. c4 g6 3. Nc3 d5 4. Nf3 Bg7 5. Qb3 dxc4 6. Qxc4 O-O 7. e4 a6 8. Be2
b5 9. Qb3 c5 10. dxc5 Be6 11. Qc2 Nbd7 12. Be3 Rc8 13. Rd1 b4 14. Nd5 Bxd5 15.
exd5 Nxc5 16. Qd2 a5 17. O-O Nce4 18. Qd3 Qd6 19. Ng5 Nxg5 20. Bxg5 Qe5 21. Qe3
Qxb2 22. Bb5 Qxa2 23. Bc6 e6 24. dxe6 Qxe6 25. Qxe6 fxe6 26. Rd6 b3 27. Rxe6 b2
28. Bd2 Kf7 29. Rd6 Rfd8 30. Rxd8 Rxd8 31. Bxa5 Rc8 32. Ba4 Rc1 33. Bb3+ Ke8
34. Ba2 Ra1 35. Re1+ Kd7 0-1

[Event "Copenhagen Chess Challenge 2011"]
[Site "Ballerup"]
[Date "2011.05.19"]
[Round "2"]
[White "Nielsen, Jan Mose"]
[Black "Fries Nielsen, Niels Jorgen"]
[Result "1/2-1/2"]
[WhiteElo "2129"]
[BlackElo "2326"]
[PlyCount "149"]
[EventDate "2011.??.??"]
[EventType "swiss"]
[EventRounds "9"]
[EventCountry "DEN"]

1. d4 Nf6 2. c4 c5 3. d5 b5 4. cxb5 a6 5. f3 d6 6. e4 g6 7. Na3 Bg7 8. Ne2 O-O
9. Nc3 Ne8 10. Be2 axb5 11. Naxb5 Nc7 12. a4 Nxb5 13. Nxb5 Na6 14. Rb1 Nc7 15.
b3 Nxb5 16. Bxb5 Ba6 17. Bxa6 Qa5+ 18. Bd2 Qxa6 19. Qe2 Rfb8 20. Kf2 Bd4+ 21.
Be3 Bxe3+ 22. Qxe3 c4 23. bxc4 Qxc4 24. Rxb8+ Rxb8 25. Re1 Qxa4 26. Kg3 Qb3 27.
Qxb3 Rxb3 28. Rc1 Kg7 29. h4 h6 30. Rc7 Kf6 31. Rd7 Rb4 32. Kf4 Rb2 33. Kg3 Re2
34. Ra7 Re1 35. Kf2 Rb1 36. Kg3 Rb6 37. Kf4 e6 38. Ra5 Rb2 39. g4 g5+ 40. hxg5+
hxg5+ 41. Kg3 Rd2 42. Ra6 Ke5 43. dxe6 fxe6 44. Ra8 Rb2 45. Rg8 Kf6 46. Rd8 Ke7
47. Rg8 Rb5 48. Rg7+ Kf6 49. Rd7 Ke5 50. Rg7 Kd4 51. Rg6 Re5 52. Rf6 Ke3 53.
Rf8 Kd4 54. Rf6 Kd3 55. Rf8 Ke3 56. Rf6 Kd4 57. Rf8 Ra5 58. Rf6 Re5 59. Rf8 Kc5
60. Rc8+ Kd4 61. Rf8 Kd3 62. Rf6 d5 63. exd5 exd5 64. Rf5 Kd4 65. f4 Re3+ 66.
Kf2 Re4 67. Kf3 gxf4 68. Rxf4 Kd3 69. g5 Re8 70. g6 Rg8 71. Rf6 d4 72. Kf4 Kc4
73. Ke5 d3 74. Rd6 d2 75. Rxd2 1/2-1/2